Entertainment law
Entertainment Law was written with the reader in mind. Complex legal principles are presented in language that is easily understood and are portrayed using a host of interesting case examples. The edited judicial decisions, showing court interpretation, make this book unlike any other currently on t...
Đã lưu trong:
| Príomhúdar: | |
|---|---|
| Formáid: | Leabhar |
| Teanga: | Undetermined |
| Foilsithe: |
Australia
Thomson
2004
|
| Ábhair: | |
| Clibeanna: |
Cuir Clib Leis
Gan Chlibeanna, Bí ar an gcéad duine leis an taifead seo a chlibeáil!
|
| Thư viện lưu trữ: | Trung tâm Học liệu Trường Đại học Cần Thơ |
|---|
| LEADER | 00941nam a2200229Ia 4500 | ||
|---|---|---|---|
| 001 | CTU_100598 | ||
| 008 | 210402s9999 xx 000 0 und d | ||
| 020 | |c 585000 | ||
| 082 | |a 344.73099 | ||
| 082 | |b H474 | ||
| 100 | |a Helewitz, Jeffrey | ||
| 245 | 0 | |a Entertainment law | |
| 245 | 0 | |c Jeffrey Helewitz, Leah K. Edwards | |
| 260 | |a Australia | ||
| 260 | |b Thomson | ||
| 260 | |c 2004 | ||
| 520 | |a Entertainment Law was written with the reader in mind. Complex legal principles are presented in language that is easily understood and are portrayed using a host of interesting case examples. The edited judicial decisions, showing court interpretation, make this book unlike any other currently on the market. | ||
| 650 | |a Entertainers,Performing arts | ||
| 650 | |x Legal status, laws, etc,Law and legislation | ||
| 650 | |z United states,United states | ||
| 904 | |i Truc | ||
| 980 | |a Trung tâm Học liệu Trường Đại học Cần Thơ | ||